Statistics for Countries Bordering Unknown Sea #9

Click here to take the quiz!

General Stats

  • This quiz has been taken 255 times
  • The average score is 5 of 5

Answer Stats

Country% Correct
CChina
100%
JJapan
100%
TTaiwan
99%
SSouth Korea
97%
East China Sea
67%

Score Distribution

Percentile by Number Answered

Percent of People with Each Score

Your Score History

You have not taken this quiz